|
|
|
|
| LEADER |
00000cam a22000004a 4500 |
| 001 |
musev2_80447 |
| 003 |
MdBmJHUP |
| 005 |
20230905052254.0 |
| 006 |
m o d |
| 007 |
cr||||||||nn|n |
| 008 |
080320s2005 enk o 00 0 eng d |
| 020 |
|
|
|a 9781847421241
|
| 020 |
|
|
|z 9781861345516
|
| 035 |
|
|
|a (OCoLC)1252053403
|
| 040 |
|
|
|a MdBmJHUP
|c MdBmJHUP
|
| 245 |
0 |
0 |
|a East Asian welfare regimes in transition :
|b From Confucianism to globalisation /
|c edited by Alan Walker and Chack-kie Wong.
|
| 264 |
|
1 |
|a Bristol, UK :
|b Policy Press,
|c 2005.
|
| 264 |
|
3 |
|a Baltimore, Md. :
|b Project MUSE,
|c 2021
|
| 264 |
|
4 |
|c ©2005.
|
| 300 |
|
|
|a 1 online resource (248 pages):
|b illustrations
|
| 336 |
|
|
|a text
|b txt
|2 rdacontent
|
| 337 |
|
|
|a computer
|b c
|2 rdamedia
|
| 338 |
|
|
|a online resource
|b cr
|2 rdacarrier
|
| 588 |
|
|
|a Description based on print version record.
|
| 650 |
|
7 |
|a Welfare state.
|2 fast
|0 (OCoLC)fst01173685
|
| 650 |
|
7 |
|a Public welfare.
|2 fast
|0 (OCoLC)fst01083250
|
| 650 |
|
0 |
|a Welfare state
|z East Asia.
|
| 650 |
|
0 |
|a Public welfare
|z East Asia.
|
| 651 |
|
7 |
|a East Asia.
|2 fast
|0 (OCoLC)fst01243628
|
| 655 |
|
7 |
|a Electronic books.
|2 local
|
| 700 |
1 |
|
|a Wong, Chack-kie,
|e editor.
|
| 700 |
1 |
|
|a Walker, Alan,
|d 1952 October 13-
|e editor.
|
| 710 |
2 |
|
|a Project Muse.
|e distributor
|
| 830 |
|
0 |
|a Book collections on Project MUSE.
|
| 856 |
4 |
0 |
|z Texto completo
|u https://projectmuse.uam.elogim.com/book/80447/
|
| 945 |
|
|
|a Project MUSE - Custom Collection
|